[Event "II LIGA CENTRALNE SRBIJE-ISTOK"]
[Site "Leskovac"]
[Date "2014.09.25"]
[Round "1.1"]
[White "Radovanovic, Nikola**"]
[Black "Djukic, Nebojsa"]
[Result "1-0"]
[WhiteElo "2348"]
[BlackElo "2145"]
[PlyCount "44"]
[EventDate "2014.09.25"]

1. d4 e6 2. c4 Nf6 3. Nc3 d5 4. cxd5 exd5 5. Bg5 Be7 6. Qc2 c6 7. e3 Bg4 8. Bd3
Bh5 9. Nge2 Bg6 10. O-O Na6 11. a3 Nc7 12. b4 Bd6 13. h3 a6 14. Na4 Rb8 15. Nc5
Qe7 16. Bxg6 hxg6 17. Nxb7 Rxb7 18. Qxc6+ Qd7 19. Qxb7 Rxh3 20. Bf4 Rh7 21.
Rac1 Bxf4 22. Nxf4 Kf8 1-0

[Event "II LIGA CENTRALNE SRBIJE-ISTOK"]
[Site "Leskovac"]
[Date "2014.09.25"]
[Round "1.1"]
[White "Ristic, Nebojsa B"]
[Black "Blagojevic, Vladan"]
[Result "1-0"]
[WhiteElo "2308"]
[BlackElo "2142"]
[PlyCount "61"]
[EventDate "2014.09.25"]

1. d4 Nf6 2. Nf3 b6 3. c4 Bb7 4. Nc3 d5 5. cxd5 Nxd5 6. e3 a6 7. Bd3 e6 8. O-O
Be7 9. e4 Nf6 10. e5 Nd5 11. Ne4 h6 12. a3 Nd7 13. b4 c5 14. bxc5 bxc5 15. Rb1
Qc7 16. Nd6+ Bxd6 17. exd6 Qc6 18. Be4 Rb8 19. Bxd5 Qxd5 20. dxc5 Qxc5 21. Qa4
Bc6 22. Rxb8+ Nxb8 23. Qg4 g5 24. Bb2 Rg8 25. Ne5 Qb5 26. Qh5 Rf8 27. Nxc6 Nxc6
28. Bg7 Rg8 29. Qxh6 Qd3 30. h3 Kd7 31. Qf6 1-0

[Event "II LIGA CENTRALNE SRBIJE-ISTOK"]
[Site "Leskovac"]
[Date "2014.09.25"]
[Round "1.1"]
[White "Radovic, Luka**"]
[Black "Cvetanovic, Uros **"]
[Result "1/2-1/2"]
[WhiteElo "2210"]
[BlackElo "2323"]
[PlyCount "92"]
[EventDate "2014.09.25"]

1. Nf3 Nf6 2. g3 Nc6 3. d4 d6 4. Bg2 e5 5. c4 Bg4 6. d5 Ne7 7. Nc3 Qc8 8. h3
Bd7 9. Bg5 Ng6 10. e4 Be7 11. h4 h6 12. Bd2 O-O 13. h5 Nh8 14. Nh2 Nh7 15. g4
Bg5 16. Bxg5 Nxg5 17. Qe2 a6 18. f3 g6 19. O-O-O gxh5 20. gxh5 f5 21. exf5 Bxf5
22. Ng4 Bxg4 23. fxg4 Rf4 24. Ne4 Qd7 25. Rhg1 Raf8 26. Nxg5 hxg5 27. Be4 Nf7
28. Bf5 Qa4 29. Kb1 Nh6 30. Be6+ Kh8 31. Rgf1 Qe8 32. Qd3 Qe7 33. Rxf4 exf4 34.
Re1 Qh7 35. Kc2 Qxd3+ 36. Kxd3 Kg7 37. Ke2 f3+ 38. Kf2 Rf4 39. b3 Nxg4+ 40.
Bxg4 Rxg4 41. Re7+ Kf6 42. Rxc7 Rh4 43. Kxf3 b5 44. Rc6 Ke5 45. a4 bxc4 46.
bxc4 a5 1/2-1/2

[Event "II LIGA CENTRALNE SRBIJE-ISTOK"]
[Site "Leskovac"]
[Date "2014.09.25"]
[Round "1.1"]
[White "Mladenovic, Stefan **"]
[Black "Radovic, Janko**"]
[Result "1-0"]
[WhiteElo "2336"]
[BlackElo "2125"]
[PlyCount "79"]
[EventDate "2014.09.25"]

1. d4 Nf6 2. Nf3 g6 3. c4 Bg7 4. Nc3 d5 5. cxd5 Nxd5 6. e4 Nxc3 7. bxc3 c5 8.
Be3 O-O 9. Rc1 Bg4 10. Be2 Qa5 11. Qd2 cxd4 12. cxd4 Qxd2+ 13. Nxd2 Bxe2 14.
Kxe2 Na6 15. d5 Rfc8 16. Rxc8+ Rxc8 17. Bxa7 Rc2 18. Rb1 Rxa2 19. Rxb7 Bh6 20.
Be3 Bxe3 21. Kxe3 Ra3+ 22. Ke2 Kf8 23. Ra7 f6 24. Nf3 Ra2+ 25. Ke3 Nb4 26. Rxa2
Nxa2 27. Nd4 Nc3 28. Ne6+ Kf7 29. Kd3 Na4 30. f4 h6 31. h4 Nb2+ 32. Kd4 Nd1 33.
e5 Nf2 34. Nc5 Ng4 35. d6 fxe5+ 36. fxe5 exd6 37. exd6 g5 38. hxg5 hxg5 39. Kd5
Kf6 40. Ne4+ 1-0

[Event "II LIGA CENTRALNE SRBIJE-ISTOK"]
[Site "Leskovac"]
[Date "2014.09.25"]
[Round "1.1"]
[White "Djuretanovic, Ivan"]
[Black "Livaja, Mario"]
[Result "0-1"]
[WhiteElo "2024"]
[BlackElo "2262"]
[PlyCount "40"]
[EventDate "2014.09.25"]

1. e4 c5 2. Nf3 Nc6 3. d4 cxd4 4. Nxd4 Qc7 5. Nc3 e6 6. Nxc6 dxc6 7. Bd3 Bd6 8.
h3 Ne7 9. O-O Ng6 10. Qh5 O-O 11. Ne2 e5 12. Be3 Be6 13. Ng3 Rfe8 14. Rad1 Rad8
15. Nf5 Bf8 16. g3 b5 17. Be2 Rxd1 18. Rxd1 Rd8 19. Bd3 a6 20. b3 Qa5 {....}
0-1

[Event "II LIGA CENTRALNE SRBIJE-ISTOK"]
[Site "Leskovac"]
[Date "2014.09.25"]
[Round "1.1"]
[White "Ostojic, Nikola M"]
[Black "Lazic, Milan B"]
[Result "1/2-1/2"]
[WhiteElo "2052"]
[BlackElo "1998"]
[PlyCount "30"]
[EventDate "2014.09.25"]

1. d4 d5 2. c4 c6 3. Nc3 Nf6 4. Nf3 e6 5. cxd5 exd5 6. Qc2 Bd6 7. Bg5 h6 8. Bh4
g5 9. Bg3 Nh5 10. Bxd6 Qxd6 11. e3 Be6 12. Bd3 Nd7 13. Rb1 O-O 14. Bf5 Ng7 15.
Bxe6 fxe6 1/2-1/2

[Event "II LIGA CENTRALNE SRBIJE-ISTOK"]
[Site "Leskovac"]
[Date "2014.09.25"]
[Round "1.1"]
[White "Nikolic, Vladimir"]
[Black "Ristic, Boban"]
[Result "1/2-1/2"]
[WhiteElo "1975"]
[BlackElo "2071"]
[PlyCount "57"]
[EventDate "2014.09.25"]

1. Nf3 d5 2. d4 Nf6 3. Nbd2 c6 4. c3 Bf5 5. Qb3 Qb6 6. a4 Nbd7 7. a5 Qc7 8. Qa4
a6 9. g3 e6 10. Nh4 Bg6 11. Bg2 e5 12. Nxg6 hxg6 13. dxe5 Nxe5 14. Nf3 Bd6 15.
Nxe5 Bxe5 16. f4 Bd6 17. Be3 Qe7 18. Bd4 O-O 19. Bf3 Ne4 20. Qc2 Rfe8 21. O-O
Qe6 22. Kg2 Re7 23. Rab1 Rae8 24. b4 Qf5 25. Qd3 g5 26. fxg5 Qxg5 27. Bxe4 Rxe4
28. Rf2 Qh5 29. Qf3 1/2-1/2

[Event "II LIGA CENTRALNE SRBIJE-ISTOK"]
[Site "Leskovac"]
[Date "2014.09.25"]
[Round "1.1"]
[White "Grkovic, Vladan"]
[Black "Dragojevic, Dragan"]
[Result "1/2-1/2"]
[WhiteElo "2197"]
[BlackElo "1966"]
[PlyCount "66"]
[EventDate "2014.09.25"]

1. d4 d5 2. c4 e5 3. e3 exd4 4. exd4 Nf6 5. Nf3 Bb4+ 6. Nc3 Ne4 7. Qb3 Qe7 8.
Be3 dxc4 9. Bxc4 O-O 10. O-O Nxc3 11. bxc3 Bd6 12. Rfe1 Qd7 13. Rad1 Qf5 14.
Bg5 Nc6 15. Bd3 Qg4 16. Re4 Qd7 17. c4 h6 18. Bc1 b6 19. d5 Na5 20. Qc3 Qa4 21.
Bc2 Qb4 22. Qxb4 Bxb4 23. Nd4 Bd7 24. Nb5 c6 25. dxc6 Bxc6 26. Rg4 Kh8 27. Bb2
f6 28. h4 Rad8 29. Rgd4 Rxd4 30. Nxd4 Bd7 31. Nb3 Ba4 32. Rd4 Bc5 33. Rg4 Bd7
1/2-1/2

[Event "II LIGA CENTRALNE SRBIJE-ISTOK"]
[Site "Leskovac"]
[Date "2014.09.25"]
[Round "1.2"]
[White "Tomic, Bosko"]
[Black "Trailovic, Mile"]
[Result "1-0"]
[WhiteElo "2463"]
[BlackElo "2128"]
[PlyCount "49"]
[EventDate "2014.09.25"]

1. e4 d6 2. d4 Nf6 3. Nc3 g6 4. f4 Bg7 5. Nf3 O-O 6. Bd3 e6 7. O-O b6 8. f5
exf5 9. exf5 Bb7 10. Qe1 Nbd7 11. Qh4 c5 12. Bh6 Nh5 13. Bg5 Bf6 14. fxg6 hxg6
15. Ne4 Bxg5 16. Nfxg5 c4 17. Ng3 Ndf6 18. Nxh5 Nxh5 19. Bxc4 d5 20. Be2 Qd6
21. Bxh5 gxh5 22. Rf3 Qh6 23. Rg3 Kh8 24. Qf4 Qg6 25. Nf3 1-0

[Event "II LIGA CENTRALNE SRBIJE-ISTOK"]
[Site "Leskovac"]
[Date "2014.09.25"]
[Round "1.2"]
[White "Vlajic, Sasa"]
[Black "Jovic, Stanoje"]
[Result "0-1"]
[WhiteElo "2133"]
[BlackElo "2294"]
[PlyCount "73"]
[EventDate "2014.09.25"]

1. Nf3 Nf6 2. g3 d5 3. Bg2 c5 4. O-O Nc6 5. c4 Bg4 6. cxd5 Nxd5 7. Nc3 Nb6 8.
d3 e6 9. b3 Be7 10. Bb2 O-O 11. Rc1 Rc8 12. Rc2 Bf6 13. Ne4 Bxb2 14. Rxb2 Nd4
15. Ne5 Bh5 16. g4 f5 17. Ng3 Bxg4 18. f4 Nd5 19. Qd2 Qh4 20. e3 Nb5 21. a4 Nd6
22. Qf2 Bh3 23. Nf3 Qh6 24. Bxh3 Qxh3 25. Ng5 Qh6 26. Qf3 Qf6 27. Rg2 Rc7 28.
Nh5 Qh6 29. Rg3 Kh8 30. Kh1 Nf7 31. e4 Ne7 32. Rc1 Nxg5 33. fxg5 Qg6 34. Nf6
Qf7 35. g6 Nxg6 36. Rxg6 fxe4 37. Qxe4 {...} 0-1

[Event "II LIGA CENTRALNE SRBIJE-ISTOK"]
[Site "Leskovac"]
[Date "2014.09.25"]
[Round "1.2"]
[White "Zivkovic, Nemanja *"]
[Black "Tosic, Branislav"]
[Result "1-0"]
[WhiteElo "2325"]
[BlackElo "2256"]
[PlyCount "49"]
[EventDate "2014.09.25"]

1. e4 e5 2. Nf3 Nc6 3. Bb5 d6 4. O-O Nf6 5. Re1 Bd7 6. c3 Be7 7. d4 O-O 8. Nbd2
Nxd4 9. cxd4 Bxb5 10. Qb3 Ba6 11. dxe5 dxe5 12. Nxe5 Qd6 13. Ndf3 Qb4 14. Bg5
Qxb3 15. axb3 Bb5 16. Nd4 a6 17. Rad1 Bb4 18. Bd2 Bxd2 19. Rxd2 Rad8 20. Nef3
c5 21. Nxb5 axb5 22. e5 Rxd2 23. Nxd2 Nd5 24. g3 f6 25. exf6 {...} 1-0

[Event "II LIGA CENTRALNE SRBIJE-ISTOK"]
[Site "Leskovac"]
[Date "2014.09.25"]
[Round "1.2"]
[White "Devetak, Dusan"]
[Black "Stankovic, Ivan G *"]
[Result "0-1"]
[WhiteElo "2139"]
[BlackElo "2235"]
[PlyCount "63"]
[EventDate "2014.09.25"]

1. e4 g6 2. d4 c6 3. Nf3 Bg7 4. Bd3 d5 5. exd5 cxd5 6. O-O Nf6 7. Re1 O-O 8.
Nbd2 Nc6 9. c3 a6 10. Nf1 b5 11. h3 Bb7 12. Bf4 Rc8 13. Qd2 Na5 14. Ng3 Nc4 15.
Qe2 e6 16. Ne5 Nd7 17. Ng4 Qb6 18. Bh6 f5 19. Bxg7 Kxg7 20. Nh2 f4 21. Ngf1
Rce8 22. Nf3 e5 23. Bxc4 dxc4 24. dxe5 Bxf3 25. Qxf3 Nxe5 26. Qd5 Qf6 27. b3
Re7 28. bxc4 Rfe8 29. Nh2 Nxc4 30. Rxe7+ Rxe7 31. Rc1 Qe5 32. Qd3 {...} 0-1

[Event "II LIGA CENTRALNE SRBIJE-ISTOK"]
[Site "Leskovac"]
[Date "2014.09.25"]
[Round "1.2"]
[White "Krstic, Ranko"]
[Black "Dragic, Vladimir"]
[Result "1-0"]
[WhiteElo "2228"]
[BlackElo "2112"]
[PlyCount "81"]
[EventDate "2014.09.25"]

1. d4 d5 2. c4 e6 3. Nc3 Nf6 4. Nf3 Be7 5. Bf4 c6 6. Qc2 Nh5 7. Bg3 f5 8. e3
O-O 9. Bd3 g6 10. Be5 Nd7 11. O-O-O Ndf6 12. h3 Ng7 13. Kb1 Bd7 14. Nd2 a5 15.
c5 Be8 16. Na4 Nd7 17. f4 b6 18. cxb6 Nxb6 19. Nc5 Bf6 20. Nf3 Nd7 21. Bd6 Rf7
22. g4 Nxc5 23. Bxc5 Rb7 24. Rh2 Be7 25. Ne5 Rab8 26. Qc3 Bxc5 27. Qxc5 Bd7 28.
Rc1 a4 29. g5 Be8 30. Rhc2 Rb6 31. Ka1 Qc7 32. Be2 Qb7 33. Nd3 Rb5 34. Qa3 Qb6
35. Nc5 Ra5 36. Nxa4 Qa7 37. b3 c5 38. Rxc5 Bxa4 39. Rxa5 Qxa5 40. bxa4 Qa7 41.
Bb5 1-0

[Event "II LIGA CENTRALNE SRBIJE-ISTOK"]
[Site "Leskovac"]
[Date "2014.09.25"]
[Round "1.2"]
[White "Floricelovic, Milos*"]
[Black "Trickovic, Vladimir *"]
[Result "0-1"]
[WhiteElo "2064"]
[BlackElo "2066"]
[PlyCount "126"]
[EventDate "2014.09.25"]

1. e4 c5 2. Nf3 d6 3. d4 cxd4 4. Nxd4 Nf6 5. Nc3 g6 6. Be3 Bg7 7. f3 O-O 8. Bc4
Nc6 9. Qd2 Bd7 10. O-O-O Rc8 11. Bb3 Ne5 12. Kb1 Nc4 13. Bxc4 Rxc4 14. g4 Re8
15. h4 h5 16. Nd5 hxg4 17. Nxf6+ Bxf6 18. h5 g5 19. Nb3 gxf3 20. Bxg5 Be5 21.
Rhg1 Kh7 22. Qd3 Qc8 23. Qxf3 f5 24. Bc1 Rxe4 25. Rg6 Rg4 26. Rxg4 fxg4 27.
Qf7+ Kh8 28. Rf1 Rg8 29. Qxe7 Bf5 30. Na1 g3 31. Be3 g2 32. Rg1 Qc4 33. Kc1
Bxc2 34. Nxc2 Rc8 35. Bc5 Qf1+ 36. Kd2 Rxc5 37. Qe8+ Kg7 38. Qg6+ Kf8 39. Qxg2
Bf4+ 40. Ne3 Bxe3+ 41. Kxe3 Qxg2 42. Rxg2 Rxh5 43. Kd4 a5 44. Rc2 b5 45. Rf2+
Ke7 46. Re2+ Kd7 47. Rg2 Kc6 48. a3 Rd5+ 49. Kc3 Kc5 50. b3 b4+ 51. axb4+ axb4+
52. Kc2 Rh5 53. Kb2 d5 54. Rd2 Rh3 55. Rg2 Re3 56. Rg8 Re2+ 57. Kc1 Kd4 58.
Rg4+ Kc5 59. Rg5 Kd4 60. Rg4+ Re4 61. Rg2 Kd3 62. Rd2+ Kc3 63. Kd1 d4 0-1

[Event "II LIGA CENTRALNE SRBIJE-ISTOK"]
[Site "Leskovac"]
[Date "2014.09.25"]
[Round "1.2"]
[White "Stoiljkovic, Stefan**"]
[Black "Stanojevic, Dragoljub"]
[Result "1-0"]
[WhiteElo "2007"]
[BlackElo "1966"]
[PlyCount "116"]
[EventDate "2014.09.25"]

1. e4 c6 2. d4 d5 3. exd5 cxd5 4. Bd3 Nf6 5. Nf3 e6 6. O-O Be7 7. Re1 O-O 8.
Bf4 Nbd7 9. Nbd2 b6 10. Ne5 Nxe5 11. Bxe5 Nd7 12. Re3 f5 13. c3 Nxe5 14. Rxe5
Bf6 15. Re2 Re8 16. Qe1 Bd7 17. Nf3 Re7 18. Qd2 Qc7 19. Rae1 Rae8 20. Ne5 b5
21. Qf4 a6 22. Qg3 Bc8 23. Bc2 Bb7 24. f4 Bc8 25. Nd3 Kh8 26. Nc5 g5 27. fxg5
Qxg3 28. hxg3 Bxg5 29. a4 Kg7 30. axb5 axb5 31. Bd3 Kf6 32. Bxb5 Rg8 33. b4 Bh6
34. Bc6 Bf8 35. Re3 Bh6 36. R3e2 Bf8 37. b5 Rxg3 38. b6 Rxc3 39. b7 Bxb7 40.
Bxb7 Rxc5 41. dxc5 Rxb7 42. Rxe6+ Kg5 43. c6 Rc7 44. Rb1 Bc5+ 45. Kf1 Ra7 46.
Rc1 Bb6 47. Rd6 Kf4 48. Rd7 Bc7 49. Rxd5 Ke4 50. Rb5 Bg3 51. Rb7 Ra8 52. Rxh7
Rc8 53. Ke2 Kd5 54. Kf3 Be5 55. Re7 Kd6 56. Rd7+ Ke6 57. Rd3 Rc7 58. Rc4 Rg7
1-0

[Event "II LIGA CENTRALNE SRBIJE-ISTOK"]
[Site "Leskovac"]
[Date "2014.09.25"]
[Round "1.2"]
[White "Klcesko, Aleksandar**"]
[Black "Savic, Aleksandar S **"]
[Result "1/2-1/2"]
[WhiteElo "1767"]
[BlackElo "1902"]
[PlyCount "25"]
[EventDate "2014.09.25"]

1. e4 e6 2. d4 d5 3. Nd2 dxe4 4. Nxe4 Nc6 5. c3 Nf6 6. Ng3 Be7 7. Nf3 O-O 8.
Bd3 a6 9. O-O b5 10. Ng5 Bb7 11. Qc2 h6 12. N5e4 Nxe4 13. Bxe4 1/2-1/2

[Event "II LIGA CENTRALNE SRBIJE-ISTOK"]
[Site "Leskovac"]
[Date "2014.09.25"]
[Round "1.3"]
[White "Dinic, Dragan"]
[Black "Raicevic, Ivica"]
[Result "1/2-1/2"]
[WhiteElo "2310"]
[BlackElo "2269"]
[PlyCount "40"]
[EventDate "2014.09.25"]

1. e4 e6 2. d4 d5 3. Nd2 Nf6 4. Bd3 dxe4 5. Nxe4 Nbd7 6. Nxf6+ Nxf6 7. Nf3 Be7
8. O-O O-O 9. Ne5 c5 10. dxc5 Qd5 11. Qe2 Qxc5 12. Bg5 Rd8 13. Rad1 Qc7 14.
Rfe1 h6 15. Bh4 Bd7 16. Bg3 Qc8 17. Bc4 Be8 18. c3 Qc5 19. Bb3 Rxd1 20. Rxd1
Rd8 1/2-1/2

[Event "II LIGA CENTRALNE SRBIJE-ISTOK"]
[Site "Leskovac"]
[Date "2014.09.25"]
[Round "1.3"]
[White "Petrovic, Petar R **"]
[Black "Zafirovski, Mite"]
[Result "1/2-1/2"]
[WhiteElo "1722"]
[BlackElo "2260"]
[PlyCount "39"]
[EventDate "2014.09.25"]

1. e4 c5 2. Nf3 Nc6 3. Bc4 e6 4. d3 a6 5. c3 Na5 6. Bb3 Nxb3 7. Qxb3 Nf6 8. O-O
Be7 9. Bf4 O-O 10. Re1 d6 11. Na3 e5 12. Bg5 Nh5 13. Be3 Rb8 14. d4 Bg4 15. Qd1
cxd4 16. cxd4 exd4 17. Bxd4 Nf4 18. Nc4 Ng6 19. Ne3 Be6 20. Bc3 1/2-1/2

[Event "II LIGA CENTRALNE SRBIJE-ISTOK"]
[Site "Leskovac"]
[Date "2014.09.25"]
[Round "1.3"]
[White "Marjanovic, Toplica"]
[Black "Milosevic, Jovana **"]
[Result "1/2-1/2"]
[WhiteElo "1778"]
[BlackElo "2038"]
[PlyCount "126"]
[EventDate "2014.09.25"]

1. d4 d5 2. f4 c5 3. c3 e6 4. e3 Nf6 5. Nf3 Bd6 6. Be2 O-O 7. O-O b6 8. Bd2 Ne4
9. Be1 cxd4 10. cxd4 Ba6 11. a3 Qc8 12. Nbd2 Nd7 13. Bh4 Qb7 14. Nxe4 dxe4 15.
Ne5 Bxe2 16. Qxe2 f5 17. Qc4 Rfe8 18. Rac1 Bxe5 19. fxe5 Rac8 20. Qb3 Nf8 21.
Rxc8 Rxc8 22. Rxf5 Qc6 23. Rf1 Ng6 24. Bg3 Ne7 25. Be1 Nd5 26. Bf2 Qe8 27. Qd1
Qg6 28. Qd2 h6 29. h3 Rf8 30. Be1 Rxf1+ 31. Kxf1 Qf5+ 32. Kg1 g5 33. Bf2 g4 34.
hxg4 Qxg4 35. Qc2 Kf7 36. Qa4 a5 37. Qd7+ Ne7 38. b4 axb4 39. axb4 h5 40. Kh2
h4 41. d5 h3 42. gxh3 Qf5 43. Bh4 Qxe5+ 44. Kh1 exd5 45. Bxe7 Qxe7 46. Qxd5+
Ke8 47. Qc6+ Kf8 48. Qxb6 Qf7 49. Qd6+ Kg8 50. Qf4 Qc4 51. Qg5+ Kh8 52. Qh6+
Kg8 53. Qg5+ Kh8 54. Qf6+ Kg8 55. Qd8+ Kf7 56. Qd7+ Kf8 57. Qf5+ Kg8 58. Qg5+
Kf7 59. Qf4+ Kg8 60. b5 Qxb5 61. h4 Qd5 62. Qg5+ Qxg5 63. hxg5 Kg7 1/2-1/2

[Event "II LIGA CENTRALNE SRBIJE-ISTOK"]
[Site "Leskovac"]
[Date "2014.09.25"]
[Round "1.3"]
[White "Lazovic, Bozidar **"]
[Black "Milutinovic, Bojan"]
[Result "1-0"]
[WhiteElo "1866"]
[BlackElo "1740"]
[PlyCount "46"]
[EventDate "2014.09.25"]

1. e4 c5 2. Nc3 Nc6 3. Nge2 g6 4. g3 Bg7 5. Bg2 d6 6. O-O Nf6 7. d3 O-O 8. h3
Be6 9. f4 Qc8 10. g4 h5 11. f5 Bd7 12. Nf4 hxg4 13. hxg4 Ne5 14. Ncd5 Qd8 15.
Nxf6+ Bxf6 16. Nd5 Bg7 17. c3 e6 18. Ne3 Qb6 19. f6 Bh6 20. Nf5 exf5 21. Bxh6
Nxg4 22. Bxf8 Rxf8 23. Qd2 fxe4 1-0

[Event "II LIGA CENTRALNE SRBIJE-ISTOK"]
[Site "Leskovac"]
[Date "2014.09.25"]
[Round "1.5"]
[White "Popovic, Djordje D"]
[Black "Bura, Goran"]
[Result "0-1"]
[WhiteElo "2225"]
[BlackElo "2202"]
[PlyCount "49"]
[EventDate "2014.09.25"]

1. d4 Nf6 2. c4 g6 3. Nc3 Bg7 4. e4 d6 5. Be2 O-O 6. Nf3 e5 7. O-O Na6 8. Be3
Ng4 9. Bg5 Qe8 10. h3 f6 11. Bc1 Nh6 12. Re1 Nf7 13. a3 c6 14. b4 Nc7 15. dxe5
dxe5 16. Be3 Ne6 17. Qc2 Neg5 18. Rad1 Nxf3+ 19. Bxf3 f5 20. exf5 gxf5 21. Qe2
f4 22. Be4 Qe7 23. Na4 b6 24. Bc1 Qh4 25. Rd6 0-1

[Event "II LIGA CENTRALNE SRBIJE-ISTOK"]
[Site "Leskovac"]
[Date "2014.09.25"]
[Round "1.5"]
[White "Njegic, Vladimir"]
[Black "Milosevic, Aleksandar"]
[Result "1/2-1/2"]
[WhiteElo "2136"]
[BlackElo "2306"]
[PlyCount "40"]
[EventDate "2014.09.25"]

1. d4 Nf6 2. c4 e6 3. Nc3 Bb4 4. Nf3 d5 5. e3 c5 6. Bd2 Nc6 7. a3 Bxc3 8. Bxc3
Ne4 9. Rc1 Nxc3 10. Rxc3 cxd4 11. Nxd4 Ne7 12. c5 O-O 13. Be2 e5 14. Nf3 Ng6
15. O-O Be6 16. b4 Qe7 17. b5 Rac8 18. c6 bxc6 19. bxc6 Rc7 20. Qa4 Rb8 1/2-1/2

[Event "II LIGA CENTRALNE SRBIJE-ISTOK"]
[Site "Leskovac"]
[Date "2014.09.25"]
[Round "1.5"]
[White "Stefanovic, Vladimir"]
[Black "Kostic, Tomislav **"]
[Result "1-0"]
[WhiteElo "2218"]
[BlackElo "2004"]
[PlyCount "57"]
[EventDate "2014.09.25"]

1. Nf3 Nf6 2. c4 Nc6 3. g3 e5 4. Bg2 h6 5. O-O e4 6. Ne1 d5 7. cxd5 Qxd5 8. Nc3
Qh5 9. Qa4 Bc5 10. Nxe4 Ng4 11. h3 Nxf2 12. Nxf2 Qxe2 13. Bxc6+ Kf8 14. Qe4
Qxe4 15. Bxe4 Bxh3 16. Bxb7 Re8 17. Bg2 Bg4 18. Nf3 h5 19. d4 Bb6 20. b3 c5 21.
Ba3 Kg8 22. Bxc5 Bc8 23. Rfe1 Rd8 24. Ne5 f6 25. Nc6 Rd7 26. Ng4 hxg4 27. Ne7+
Kf7 28. Kf2 g6 29. Rh1 1-0

[Event "II LIGA CENTRALNE SRBIJE-ISTOK"]
[Site "Leskovac"]
[Date "2014.09.25"]
[Round "1.5"]
[White "Dubravcic, Nikola **"]
[Black "Blagojevic, Nikola"]
[Result "1/2-1/2"]
[WhiteElo "1692"]
[BlackElo "1662"]
[PlyCount "72"]
[EventDate "2014.09.25"]

1. e4 c6 2. Nc3 d5 3. Nf3 dxe4 4. Nxe4 Bf5 5. Ng3 Bg6 6. d4 e6 7. Bd3 Nf6 8.
O-O Bd6 9. Re1 O-O 10. c3 Nbd7 11. b3 Nd5 12. Bxg6 hxg6 13. c4 N5f6 14. Bb2 Qc7
15. Rc1 Rfd8 16. Qe2 a5 17. a3 Bf4 18. Rc2 c5 19. Rd1 cxd4 20. Nxd4 Nc5 21. Nb5
Rxd1+ 22. Qxd1 Qd7 23. Qf3 Nd3 24. Bc3 Nc5 25. Bd4 Bxg3 26. Bxc5 Be5 27. Qe2
Rd8 28. g3 Qd3 29. Bb6 Rd7 30. Bxa5 Qxb3 31. Bc3 Bxc3 32. Rxc3 Qb1+ 33. Kg2
Qe4+ 34. Qxe4 Nxe4 35. Rc2 Kf8 36. Kf3 Nc5 1/2-1/2

[Event "II LIGA CENTRALNE SRBIJE-ISTOK"]
[Site "Leskovac"]
[Date "2014.09.25"]
[Round "1.5"]
[White "Milic, Ivica"]
[Black "Rajkovic, Aleksandar"]
[Result "0-1"]
[WhiteElo "2013"]
[BlackElo "2133"]
[PlyCount "100"]
[EventDate "2014.09.25"]

1. e4 c6 2. d4 d5 3. exd5 cxd5 4. Bd3 Nc6 5. c3 Nf6 6. Bf4 Bg4 7. Qb3 Qd7 8.
Nd2 e6 9. Ngf3 Bxf3 10. Nxf3 a6 11. O-O Be7 12. Ne5 Qc8 13. Rae1 O-O 14. h3 Nd7
15. Qc2 g6 16. Bh6 Ndxe5 17. dxe5 Re8 18. g4 Qd8 19. f4 Bf8 20. Bxf8 Rxf8 21.
Qd2 Qh4 22. Kh2 h5 23. Qf2 Qxf2+ 24. Rxf2 hxg4 25. hxg4 Kg7 26. Kg3 f5 27. g5
Rh8 28. Ree2 Rh1 29. Rh2 Ra1 30. a3 Rh8 31. Rxh8 Kxh8 32. Kf2 Rh1 33. Kg2 Rd1
34. Bc2 Rc1 35. Bd3 Na5 36. Kf2 Rd1 37. Bc2 Rc1 38. Bd3 Rh1 39. Kg3 Kg7 40. Kf2
b5 41. Ke3 Rh3+ 42. Kd2 Rf3 43. a4 bxa4 44. Bxa6 Rxf4 45. Bc8 Kf7 46. Rh2 Nc4+
47. Kc2 Kg7 48. Bxe6 Re4 49. Bd7 Nxe5 50. Be6 Nf3 0-1

[Event "II LIGA CENTRALNE SRBIJE-ISTOK"]
[Site "Leskovac"]
[Date "2014.09.25"]
[Round "1.6"]
[White "Dimitrijevic, Dusan *"]
[Black "Zlatanovic, Zoran"]
[Result "1-0"]
[WhiteElo "2097"]
[BlackElo "2154"]
[PlyCount "57"]
[EventDate "2014.09.25"]

1. e4 c5 2. Nc3 d6 3. g3 Nc6 4. Bg2 g6 5. d3 Bg7 6. Be3 e6 7. Qd2 Nb4 8. Nd1
Qc7 9. c3 Nc6 10. Ne2 Bd7 11. O-O h5 12. d4 Nce7 13. c4 h4 14. Ndc3 a6 15. Rad1
Rd8 16. dxc5 dxc5 17. Qd6 Qxd6 18. Rxd6 Nc8 19. Rd3 hxg3 20. hxg3 b6 21. Rfd1
Ke7 22. e5 Bxe5 23. Bg5+ f6 24. Nf4 Bxc3 25. Nxg6+ Ke8 26. Nxh8 Bd4 27. Be3 e5
28. Bd5 Nge7 29. Bf7+ 1-0

[Event "II LIGA CENTRALNE SRBIJE-ISTOK"]
[Site "Leskovac"]
[Date "2014.09.25"]
[Round "1.6"]
[White "Kalcic, Krsta"]
[Black "Tonic, Milos *"]
[Result "0-1"]
[WhiteElo "2229"]
[BlackElo "1988"]
[PlyCount "59"]
[EventDate "2014.09.25"]

1. e4 c6 2. d4 d5 3. e5 Bf5 4. Nf3 e6 5. Be2 Nd7 6. O-O Ne7 7. Nh4 Bg6 8. Nc3
a6 9. g4 c5 10. dxc5 Nc6 11. g5 Bxc5 12. Kh1 Nd4 13. Nxg6 hxg6 14. f4 Nf5 15.
Rf3 Qc7 16. Qf1 Qc6 17. Bd3 O-O-O 18. Rh3 Ba7 19. Qg2 Nc5 20. Bxf5 gxf5 21.
Rxh8 Rxh8 22. Be3 Kb8 23. Ne2 Ne4 24. Bxa7+ Kxa7 25. Nd4 Qc5 26. c3 g6 27. Rf1
Qc4 28. Ra1 Qd3 29. Qg1 Ka8 30. Rd1 0-1

[Event "II LIGA CENTRALNE SRBIJE-ISTOK"]
[Site "Leskovac"]
[Date "2014.09.25"]
[Round "1.6"]
[White "Trickovic, Borivoje"]
[Black "Milutinovic, Stefana**"]
[Result "1-0"]
[WhiteElo "2231"]
[BlackElo "2041"]
[PlyCount "37"]
[EventDate "2014.09.25"]

1. d4 Nf6 2. Bg5 e6 3. Nd2 h6 4. Bh4 c5 5. e3 d5 6. Ngf3 Nc6 7. c3 cxd4 8. cxd4
Be7 9. Bd3 O-O 10. O-O a6 11. a4 Rb8 12. Bg3 Bd6 13. Ne5 Qc7 14. Qe2 Bd7 15. f4
b5 16. axb5 axb5 17. Bh4 Ne8 18. Rae1 b4 19. Rf3 1-0

[Event "II LIGA CENTRALNE SRBIJE-ISTOK"]
[Site "Leskovac"]
[Date "2014.09.25"]
[Round "1.6"]
[White "Nedeljkovic, Gojko"]
[Black "Petrov, Georgi"]
[Result "1-0"]
[WhiteElo "2085"]
[BlackElo "2203"]
[PlyCount "47"]
[EventDate "2014.09.25"]

1. d4 Nf6 2. c4 e6 3. Nc3 Bb4 4. Bg5 c5 5. d5 Qa5 6. Bxf6 gxf6 7. Qc2 b6 8. e4
Bxc3+ 9. bxc3 d6 10. dxe6 fxe6 11. Rd1 Ke7 12. Qd3 Rd8 13. e5 fxe5 14. Qxh7+
Ke8 15. Be2 Qxc3+ 16. Kf1 Rd7 17. Qh8+ Ke7 18. Qxc8 Rd8 19. Qb7+ Nd7 20. Nf3
Qc2 21. Qc7 d5 22. cxd5 Rac8 23. Qb7 e4 24. Ne5 1-0

[Event "II LIGA CENTRALNE SRBIJE-ISTOK"]
[Site "Leskovac"]
[Date "2014.09.25"]
[Round "1.6"]
[White "Kostic, Aleksandar *"]
[Black "Simic, Petar S **"]
[Result "1/2-1/2"]
[WhiteElo "1976"]
[BlackElo "1797"]
[PlyCount "78"]
[EventDate "2014.09.25"]

1. e4 c6 2. d4 d5 3. exd5 cxd5 4. Bd3 Nc6 5. c3 Qc7 6. Be3 Nf6 7. Nf3 Bg4 8.
Nbd2 e6 9. O-O Bd6 10. Qb3 O-O 11. Bg5 Rac8 12. Bh4 a6 13. Bg3 Bxg3 14. hxg3
Bh5 15. Rae1 Nd7 16. Ng5 Nf6 17. f4 Bg6 18. Bxg6 hxg6 19. Ndf3 b5 20. Ne5 Nxe5
21. fxe5 Ng4 22. Rf4 Nh6 23. Ref1 Qe7 24. Nh3 g5 25. R4f2 Ng4 26. Re2 Rc4 27.
Nf2 Nxf2 28. Rexf2 b4 29. g4 Qb7 30. Rf3 a5 31. Rh3 bxc3 32. bxc3 Rfc8 33. Rff3
g6 34. Qa3 a4 35. Qc1 Rxd4 36. Qxg5 Rd1+ 37. Kh2 Re1 38. Re3 Rxe3 39. Rxe3 Qb2
1/2-1/2